Stochastic processes with a multidimensional parameter

Saved in:
Bibliographic Details
Main Author: Dozzi, M.
Format: Book
Language:English
Published: Harlow, Essex Emgland : Longman, 1989
Series:Pitman research notes in mathematics series ; ; 194
Subjects:
Tags: Add Tag
No Tags, Be the first to tag this record!

MARC

LEADER 00000nam a2200000 i 4500
001 1/38702
008 941103s1989 eng d
020 |a 0-582-03127-3 
035 |a 1993  |l 10040830 
040 |a GR-MY-UA  |b gre  |e aacr 
041 0 |a eng 
082 0 |a 519.2 
100 1 |a Dozzi, M. 
245 1 0 |a Stochastic processes with a multidimensional parameter /  |c M. Dozzi 
260 |a Harlow, Essex Emgland :   |b Longman,   |c 1989 
300 |a 198 p.;  |c 24 cm. 
490 1 |a Pitman researsh notes in mathematics series  |v ; 194 
500 |a Includes bibliographical refeences and index 
650 0 0 |a Stochastic processes. 
830 0 |a Pitman research notes in mathematics series ;  |v ; 194 
852 |a INST  |b SAMOS  |e 19941103  |h 519.2 DOZ  |p 005300007247  |q 005300007247  |t BK  |y 0 
909 |a Σ  |b 030577